Existují i účinnější nástroje komunikace než reklama

Úroveň reklamy v ČR. Cielenie reklamy. Priame oslovenie klienta. Využitie a účinnosť direct managementu.

Gespeichert in:
Bibliographische Detailangaben
1. Verfasser: Kleiner, Petr
Format: Buchkapitel
Sprache:Tschechisch
Schlagworte:
Tags: Tag hinzufügen
Keine Tags, Fügen Sie das erste Tag hinzu!

MARC

LEADER 00000naa$a2200000$$$4500
001 0053499
005 20230927103142.8
041 0 |a cze 
044 |a CZ 
245 1 0 |a Existují i účinnější nástroje komunikace než reklama  |c Petr Kleiner 
520 |a Úroveň reklamy v ČR. Cielenie reklamy. Priame oslovenie klienta. Využitie a účinnosť direct managementu. 
610 2 0 |a reklama 
610 2 0 |a nástroje marketingové 
610 2 0 |a poisťovníctvo 
610 2 0 |a marketing priamy 
100 1 |a Kleiner, Petr